| 000 | 00602nam a2200193Ia 4500 | ||
|---|---|---|---|
| 003 | GCL | ||
| 008 | 140319s9999 xx 000 0 ara d | ||
| 040 |
_aGCL / _cGCL |
||
| 082 | 0 | 4 |
_aق _b338.962 _bا و |
| 100 | 1 | _aابراهيم شحاتة | |
| 245 | 1 | 0 |
_aوصيتى لبلادى جـ 1 / _cابراهيم شحاتة |
| 300 | _a103 ص | ||
| 490 |
_aسلسلة كتيبات ابن خلدون للدراسات الانمائي _v0 |
||
| 650 | 0 | 4 | _aمصر |
| 650 | 0 | 4 | _aالتنمية الاجتماعية |
| 650 | 0 | 4 | _aالادارة |
| 650 | 0 | 4 | _aالتنمية الادارية |
| 942 |
_2ddc _cBK |
||
| 999 |
_c40539 _d40539 |
||